[Event "Salekhard Rating"]
[Site "Salekhard"]
[Date "2009.05.20"]
[Round "?"]
[White "Arkhireev, Vladimir"]
[Black "Mukhametov, Ruslan"]
[Result "1/2-1/2"]
[WhiteElo "2016"]
[BlackElo "1763"]
[PlyCount "65"]
[EventDate "2009.05.20"]
[EventType "tourn"]
[EventRounds "11"]
[EventCountry "RUS"]
[SourceTitle "EXT 2022"]
[Source "ChessBase"]
[SourceDate "2021.10.06"]
[SourceVersion "1"]
[SourceVersionDate "2021.10.06"]
[SourceQuality "1"]

1. Nf3 Nf6 2. g3 d5 3. Bg2 c6 4. 0-0 Bf5 5. d3 e6 6. Nh4 Nbd7 7. Nxf5 exf5 8. Nd2 Bd6 9. Nf3 Qc7 10. c3 h5 11. Nh4 g6 12. e3 0-0-0 13. b4 Be7 14. h3 Ne8 15. f4 Nd6 16. a4 Rdg8 17. b5 g5 18. fxg5 Rxg5 19. Ba3 Rxg3 20. Bxd6 Bxd6 21. Nxf5 Rg6 22. Kh1 Rhg8 23. Rg1 Nf6 24. Nxd6+ Qxd6 25. bxc6 Ng4 26. cxb7+ Kb8 27. hxg4 hxg4 28. Bh3 Rh8 29. Rg2 Rxh3+ 30. Kg1 g3 31. Qf3 Rgh6 32. Rga2 g2 33. Qf4 1/2-1/2

[Event "Salekhard Rating"]
[Site "Salekhard"]
[Date "2009.05.20"]
[Round "?"]
[White "Barbarickiy, Yuri"]
[Black "Mukhametov, Ruslan"]
[Result "1/2-1/2"]
[WhiteElo "2016"]
[BlackElo "1875"]
[PlyCount "80"]
[EventDate "2009.05.20"]
[EventType "tourn"]
[EventRounds "11"]
[EventCountry "RUS"]
[SourceTitle "EXT 2022"]
[Source "ChessBase"]
[SourceDate "2021.10.06"]
[SourceVersion "1"]
[SourceVersionDate "2021.10.06"]
[SourceQuality "1"]

1. Nf3 d5 2. g3 Nf6 3. Bg2 Bf5 4. d3 c6 5. 0-0 e6 6. Nbd2 Be7 7. Re1 h6 8. h3 Bh7 9. Nh2 Nbd7 10. e4 dxe4 11. dxe4 0-0 12. Qe2 Nc5 13. a3 a5 14. Kh1 Qc7 15. Nhf1 Rfd8 16. f3 Rd7 17. Nc4 e5 18. h4 b5 19. Nce3 Ne6 20. Rb1 Nd4 21. Qf2 Rad8 22. Nd2 Bc5 23. b4 axb4 24. axb4 Bb6 25. Nb3 Qa7 26. Ra1 Qc7 27. Rb1 Nxb3 28. Rxb3 Qa7 29. Ra3 Bxe3 30. Qxe3 Qxe3 31. Bxe3 Rd1 32. Rxd1 Rxd1+ 33. Kh2 Bg6 34. Rc3 Re1 35. Bf2 Rb1 36. Bc5 Rd1 37. Bb6 Rb1 38. Ba5 Bxe4 39. fxe4 Ng4+ 40. Kh3 Nf2+ 1/2-1/2

[Event "Salekhard Rating"]
[Site "Salekhard"]
[Date "2009.05.20"]
[Round "?"]
[White "Mukhametov, Ruslan"]
[Black "Pupyrev, Ilia"]
[Result "1-0"]
[WhiteElo "1875"]
[BlackElo "1715"]
[PlyCount "71"]
[EventDate "2009.05.20"]
[EventType "tourn"]
[EventRounds "11"]
[EventCountry "RUS"]
[SourceTitle "EXT 2022"]
[Source "ChessBase"]
[SourceDate "2021.10.06"]
[SourceVersion "1"]
[SourceVersionDate "2021.10.06"]
[SourceQuality "1"]

1. e4 e5 2. Nf3 Nc6 3. Bc4 Bc5 4. 0-0 Nf6 5. d4 Bxd4 6. Nxd4 Nxd4 7. f4 Qe7 8. fxe5 Qxe5 9. Bf4 Qc5 10. Bxf7+ Kxf7 11. Be3 Qxc2 12. Qxd4 d6 13. Bg5 Qc5 14. Qxc5 dxc5 15. e5 Kg6 16. exf6 Kxg5 17. fxg7 Rg8 18. Nc3 Kg6 19. Nd5 Kxg7 20. Nxc7 Rb8 21. Rae1 Kh6 22. Nd5 Bg4 23. Nf6 Rg6 24. Re4 Bd1 25. Nd7 Bc2 26. Rh4+ Kg5 27. Rc4 Rd8 28. Rxc5+ Kh6 29. Ne5 Be4 30. Nxg6 hxg6 31. Re1 Bc6 32. Rc2 Rd4 33. a3 Rd6 34. Re3 Rf6 35. Rd2 Bb5 36. b4 1-0

[Event "Salekhard Rating"]
[Site "Salekhard"]
[Date "2009.05.20"]
[Round "?"]
[White "Stroganov, Andrey"]
[Black "Mukhametov, Ruslan"]
[Result "1-0"]
[WhiteElo "1925"]
[BlackElo "1875"]
[PlyCount "86"]
[EventDate "2009.05.20"]
[EventType "tourn"]
[EventRounds "11"]
[EventCountry "RUS"]
[SourceTitle "EXT 2022"]
[Source "ChessBase"]
[SourceDate "2021.10.06"]
[SourceVersion "1"]
[SourceVersionDate "2021.10.06"]
[SourceQuality "1"]

1. b3 d5 2. Bb2 c5 3. e3 Nf6 4. f4 Nc6 5. Bb5 Bd7 6. Nf3 e6 7. 0-0 Be7 8. d3 0-0 9. Nbd2 Qc7 10. Bxc6 Bxc6 11. Ne5 Rad8 12. Ndf3 Nd7 13. Nxd7 Bxd7 14. Ne5 f6 15. Nxd7 Rxd7 16. Qh5 d4 17. e4 f5 18. e5 Rf7 19. a4 g6 20. Qe2 Qd8 21. Bc1 Bf8 22. Bd2 b6 23. Qf3 Rd5 24. Qe2 Rdd7 25. Rf3 Rd5 26. Rh3 Rg7 27. Be1 Rf7 28. Bh4 Be7 29. Bxe7 Rxe7 30. g4 Qf8 31. g5 a5 32. Kf2 Qe8 33. Rg3 Rg7 34. h4 Qc8 35. Rh3 Rdd7 36. h5 Qc6 37. Rah1 Qb7 38. Qf1 Rde7 39. Qg1 Rd7 40. Qg2 Rde7 41. hxg6 Rxg6 42. Rh6 Reg7 43. R1h3 Rd7 1-0